Arsenal women squad 22/23 - Statistics

General Stats
  • This quiz has been taken 762 times
    544 since last reset
  • The average score is 19 of 25
Answer Stats
# Nation Position Answer % Correct
6 England DF Leah Williamson
95%
9 England FW Beth Mead
93%
1 Austria GK Manuela Zinsberger
92%
11 Netherlands FW Vivianne Miedema
92%
15 Ireland FW Katie McCabe
91%
19 Australia FW Caitlin Foord
86%
10 Scotland MF Kim Little
86%
13 Switzerland MF Lia Wälti
84%
3 England DF Lotte Wubben-Moy
83%
7 Australia DF Steph Catley
83%
Sweden Coach Jonas Eidevall
81%
12 Norway MF Frida Maanum
78%
25 Sweden FW Stina Blackstenius
78%
5 Scotland DF Jennifer Beattie
75%
21 Netherlands MF Victoria Pelova
73%
26 Austria DF Laura Wienroither
71%
17 Sweden FW Lina Hurtig
71%
14 Canada GK Sabrina D`Angelo
69%
20 Brazil FW Gio Queiroz
68%
2 Brazil DF Rafaelle Souza
66%
22 Denmark MF Kathrine Kühl
61%
16 Switzerland DF Noelle Maritz
61%
29 England DF Teyah Goldie
56%
18 United States GK Kaylan Marckese
52%
27 England FW Jodie Taylor
30%
No matching quizzes found
Score Distribution
Percent of People with Each Score
Percentile by Number Answered
Your Score History
You have not taken this quiz since the last reset